00443nam a2200181Ia 4500008004000000020001800040041000800058082001600066100002200082245004800104260003300152300001200185650001400197650001700211650001300228650001300241650000700254210210b2006 xxu||||| |||| 00| 0 eng d a9780123694911 aeng a576.15 MCAM aMCARTHUR (J Vaun) aMicrobial ecology: an evolutionary approach aLondonbAcademic Pressc2006 axii,416 aMicrobial aevolutionary aecology: aapproach aan